000 00305nam a22001337a 4500
008 171102b xxu||||| |||| 00| 0 eng d
020 _a0916162001
041 _aeng
080 _a339.138
100 _a60
101 _aMAR
245 _aTHE GREAT WRITINGS IN MARKETINGS
_cTHOMPSON,H.A
942 _2udc
_cBK
999 _c37330
_d37330